Les algues d'eau douce: initation à la systématique
Spremljeno u:
| Glavni autor: | |
|---|---|
| Format: | Knjiga |
| Jezik: | francuski |
| Izdano: |
París
N. Boubée
1970
|
| Serija: | Faunes et Flores Actuelles
|
| Teme: | |
| Oznake: |
Dodaj oznaku
Bez oznaka, Budi prvi tko označuje ovaj zapis!
|
MARC
| LEADER | 00000nam a2200000 a 4500 | ||
|---|---|---|---|
| 001 | UCT3562 | ||
| 003 | CL-VaPUC | ||
| 005 | 20250226123241.0 | ||
| 008 | 961024e19700000FR |||||||||||||||||fre|d | ||
| 999 | |c 253168 |d 253166 | ||
| 040 | |c Pontificia Universidad Católica de Valparaíso | ||
| 082 | 0 | 4 | |a 589.4 BOU 1970 |2 21 |
| 100 | 0 | |a Bourrelly, Pierre |9 372504 | |
| 245 | 1 | 4 | |a Les algues d'eau douce: initation à la systématique |
| 260 | |a París |b N. Boubée |c 1970 | ||
| 300 | |a v | ||
| 490 | 0 | |a Faunes et Flores Actuelles | |
| 505 | |a v.2: les algues jaunes et brunes Chrysophycées, Phéophycées, Xanthophycées et Diatomées. v.3: les algues bleues et rouges. Les Eugléniens, Peridiniens et Cryptomonadines. | ||
| 583 | |a last modification |c 19961024 00:00:00 |k Rodrigo Vera | ||
| 650 | 0 | |a Algas (algae) |9 261246 | |
| 650 | 0 | |a Organismos vivos |9 264556 | |
| 650 | 0 | |a Plantas acuáticas |9 338099 | |
| 650 | 0 | |a Botánica |9 264202 | |
| 650 | 0 | |a Algicultura (Cultivo de algas) |9 407638 | |
| 650 | 0 | |a Recursos marinos |9 261196 | |
| 942 | |c BK |2 ddc | ||
| 945 | |d 19961024 00:00:00 |a paguirre | ||
| 952 | |0 0 |1 0 |4 0 |6 589_400000000000000_BOU_1970 |7 0 |8 A |9 273800 |a BIBCUR |b BIBCUR |d 2019-11-19 |h v.3 |i 1779079 |o 589.4 BOU 1970 |p 1779079 |r 2025-04-22 |t 1 |w 2019-11-19 |y BK |k BIO | ||
| 952 | |0 0 |1 0 |4 0 |6 589_400000000000000_BOU_1970 |7 0 |8 A |9 273801 |a BIBCUR |b BIBCUR |d 2019-11-19 |h v.2 |i 1779087 |o 589.4 BOU 1970 |p 1779087 |r 2025-04-22 |t 1 |w 2019-11-19 |y BK |k BIO | ||